| 000 | 00378nam a22001337a 4500 | ||
|---|---|---|---|
| 020 | _a9280710400 | ||
| 082 |
_a363.731 _bENV _cD |
||
| 245 | _aENVIRONMENTAL GUIDELINES FOR THE MOTOR VEHICLE AND ITS USE | ||
| 250 | _a1st ed. | ||
| 260 |
_aWashington _bThe World Bank _c1981 |
||
| 300 |
_a31 p. : _bill. : _c30 cm |
||
| 526 |
_a0 _b0 _c0 _d363_731000000000000_ENV |
||
| 942 |
_2ddc _cBK |
||
| 999 |
_c542830 _d542830 |
||